000 00507 a2200181 4500
003 OSt
005 20240118121142.0
008 240118b |||||||| |||| 00| 0 eng d
020 _a9788182716438
040 _coclc
082 _a297.72
_bMOU/J
100 _aMoudoodi, Abul Ala
_91860
245 _aJihad /
_cAbul A'ala Moudoodi
250 _a3rd ed.
260 _aKozhikode:
_bIslamic Publishing House,
_c2014.
300 _a78p.
942 _2ddc
_cBK
_h297.72
_iMOU/J
_k297.72
_mMOU/J
999 _c43248
_d43248